| 000 | 00780nam a2200217 4500 | ||
|---|---|---|---|
| 001 | 139038 | ||
| 003 | ES-MaACL | ||
| 005 | 20230906195706.0 | ||
| 007 | t| | ||
| 008 | 070214s1954 sp r ||||1| spa d | ||
| 100 | 1 |
_aSanz, Cristóbal. _9103571 |
|
| 245 | 1 | 0 |
_aRecopilacion en que se da quenta de las cosas anci antiguas como modernas dela [sic] inclita villa de Elche _b: sacadas de diversos autores y entendidas personas fidedignas / _cpor Cristobal Sanz, regidor de dicha Villa. |
| 250 | _aEd. facs. | ||
| 260 |
_aElche : _bAtenea, _c1954. |
||
| 300 |
_aXVI, 18-133 p. : _bil. ; _c21 cm. |
||
| 500 | _aReprod. de la ed. de 1621. | ||
| 655 | 7 |
_2tgfbne _9226495 _aFacsímiles |
|
| 852 |
_aES-MaACL _jC-14046 _bR.36816 |
||
| 942 | _2udc | ||
| 999 |
_c139038 _d139038 |
||